[Event "POL-chT U20 2nd League"]
[Site "Sypniewo"]
[Date "2025.06.26"]
[Round "9.13"]
[White "Stachowiak, Bruno"]
[Black "Nawrocki, Michal"]
[Result "1-0"]
[WhiteElo "2034"]
[BlackElo "1919"]
[PlyCount "149"]
[EventDate "2025.06.18"]
[EventType "team-swiss"]
[EventRounds "9"]
[EventCountry "POL"]
[SourceTitle "CB27_2025"]
[SourceDate "2025.07.02"]
[SourceVersion "1"]
[SourceVersionDate "2025.07.02"]
[SourceQuality "1"]
[WhiteTeam "Poznan Politechnika"]
[BlackTeam "Poznan Na Pieterku"]
[WhiteTeamCountry "POL"]
[BlackTeamCountry "POL"]

1. Nf3 d5 2. g3 Nf6 3. Bg2 Bf5 4. 0-0 e6 5. c4 Be7 6. cxd5 exd5 7. Qb3 Qc8 8. Nc3 c6 9. d3 0-0 10. Re1 Nbd7 11. Qc2 Bg6 12. e4 dxe4 13. dxe4 Re8 14. Nh4 Nf8 15. Bd2 Qc7 16. Nxg6 hxg6 17. Nd5 Qd8 18. Nxe7+ Qxe7 19. b4 Ne6 20. Qb2 Rad8 21. Be3 b6 22. a4 Ng4 23. e5 Nxe3 24. Rxe3 Rc8 25. a5 c5 26. bxc5 bxc5 27. Bh3 Rb8 28. Qc3 Nd4 29. Qd3 Rb3 30. Qe4 Rxe3 31. fxe3 Qxe5 32. Qxe5 Nf3+ 33. Kf2 Nxe5 34. Rb1 Re7 35. Rb8+ Kh7 36. a6 f5 37. Rb7 Rxb7 38. axb7 Nc6 39. Bg2 Nb8 40. Ke2 Kg8 41. Kd3 Kf7 42. Kc4 Ke6 43. Kxc5 Kd7 44. h4 Kc7 45. Kd5 Kd7 46. e4 fxe4 47. Bxe4 Nc6 48. Kc5 Nb8 49. Bxg6 Kc7 50. Be4 Nd7+ 51. Kb5 Ne5 52. Ka6 Kb8 53. Bf5 Nf3 54. Bc8 Ne5 55. g4 Nf3 56. h5 Ng5 57. Bf5 Nf7 58. Be4 Nd6 59. Bd5 Ne8 60. Bf3 Nc7+ 61. Ka5 Ne6 62. Kb4 Kc7 63. Kc4 Ng5 64. Bd5 Nh7 65. Kd4 Nf6 66. Bf3 Nh7 67. Ke5 Ng5 68. Bd5 Nh7 69. Kf5 Nf8 70. g5 a5 71. h6 gxh6 72. gxh6 a4 73. Kf6 Nh7+ 74. Kg6 Nf8+ 75. Kg7 1-0

[Event "POL-chT U20 2nd League"]
[Site "Sypniewo"]
[Date "2025.06.20"]
[Round "3.25"]
[White "Nawrocki, Michal"]
[Black "Zasada, Marcin"]
[Result "1/2-1/2"]
[WhiteElo "1919"]
[BlackElo "1825"]
[PlyCount "66"]
[EventDate "2025.06.18"]
[EventType "team-swiss"]
[EventRounds "9"]
[EventCountry "POL"]
[SourceTitle "CB27_2025"]
[SourceDate "2025.07.02"]
[SourceVersion "1"]
[SourceVersionDate "2025.07.02"]
[SourceQuality "1"]
[WhiteTeam "Poznan Na Pieterku"]
[BlackTeam "Osielsko"]
[WhiteTeamCountry "POL"]
[BlackTeamCountry "POL"]

1. e4 c6 2. d3 d5 3. Nd2 e5 4. Ngf3 Bd6 5. c3 Nf6 6. g3 0-0 7. Bg2 Re8 8. 0-0 Nbd7 9. Qc2 h6 10. a3 a5 11. b3 Nc5 12. Bb2 Bg4 13. h3 Bh5 14. b4 axb4 15. axb4 Rxa1 16. Rxa1 Ncd7 17. Nf1 Bg6 18. Nh4 Bh7 19. Ne3 dxe4 20. dxe4 Bf8 21. Rd1 Qc7 22. Qd3 Rb8 23. Bc1 b5 24. Nhf5 Bxf5 25. Nxf5 c5 26. bxc5 Nxc5 27. Qe3 Nb3 28. g4 Nxc1 29. Rxc1 Kh7 30. Qd2 Rc8 31. Rb1 Qc5 32. Ne3 Kg8 33. Nd5 Nxd5 1/2-1/2

[Event "POL-chT U20 2nd League"]
[Site "Sypniewo"]
[Date "2025.06.18"]
[Round "1.73"]
[White "Nawrocki, Michal"]
[Black "Smolinski, Wojciech"]
[Result "1/2-1/2"]
[WhiteElo "1919"]
[BlackElo "1987"]
[PlyCount "44"]
[EventDate "2025.06.18"]
[EventType "team-swiss"]
[EventRounds "9"]
[EventCountry "POL"]
[SourceTitle "CB27_2025"]
[SourceDate "2025.07.02"]
[SourceVersion "1"]
[SourceVersionDate "2025.07.02"]
[SourceQuality "1"]
[WhiteTeam "Poznan Na Pieterku"]
[BlackTeam "Katowice Hetman II"]
[WhiteTeamCountry "POL"]
[BlackTeamCountry "POL"]

1. e4 c6 2. Nc3 d5 3. Nf3 Bg4 4. h3 Bxf3 5. Qxf3 e6 6. g3 Nd7 7. d4 dxe4 8. Nxe4 Ngf6 9. Bg2 Nxe4 10. Qxe4 Nf6 11. Qd3 Qa5+ 12. Bd2 Bb4 13. c3 Be7 14. 0-0 0-0 15. a4 Qc7 16. Bf4 Bd6 17. Bxd6 Qxd6 18. Qc4 Nd5 19. Bxd5 Qxd5 20. Qxd5 exd5 21. Rfe1 Rfe8 22. Rxe8+ Rxe8 1/2-1/2

[Event "POL-ch Rapid U18"]
[Site "Bydgoszcz"]
[Date "2023.08.29"]
[Round "2"]
[White "Skrzypinski, Jan"]
[Black "Nawrocki, Michal"]
[Result "0-1"]
[WhiteElo "2033"]
[BlackElo "1720"]
[PlyCount "60"]
[EventDate "2023.08.28"]
[EventType "swiss"]
[EventRounds "11"]
[EventCountry "POL"]
[SourceTitle "CBM 216 Extra"]
[Source "ChessBase"]
[SourceDate "2023.11.30"]
[SourceVersion "1"]
[SourceVersionDate "2023.11.30"]
[SourceQuality "1"]

1. e4 e5 2. f4 d5 3. exd5 e4 4. Nc3 Nf6 5. b3 Bc5 6. Bb2 0-0 7. Na4 Bd6 8. c4 Bxf4 9. Ne2 Bg4 10. Qc2 Bxe2 11. Bxe2 Nbd7 12. 0-0-0 b5 13. Nc3 bxc4 14. bxc4 Re8 15. Rdf1 Be5 16. g4 Nc5 17. h4 Rb8 18. Rf5 Qd6 19. Rhf1 Rxb2 20. Kxb2 e3 21. Rxe5 Qxe5 22. g5 Nfe4 23. Ka3 Nxd2 24. Nb5 a6 25. Rf5 Qe7 26. d6 cxd6 27. Nc3 Rb8 28. Nd5 Qd7 29. g6 Qa4+ 30. Qxa4 Nb1# 0-1

[Event "Poznan op 28th"]
[Site "Poznan"]
[Date "2021.08.17"]
[Round "4"]
[White "Pietras, Igor"]
[Black "Nawrocki, Michal"]
[Result "1/2-1/2"]
[WhiteElo "1391"]
[BlackElo "1165"]
[PlyCount "40"]
[EventDate "2021.08.15"]
[EventType "swiss"]
[EventRounds "9"]
[EventCountry "POL"]
[SourceTitle "CBM 203 Extra"]
[Source "ChessBase"]
[SourceDate "2021.09.30"]
[SourceVersion "1"]
[SourceVersionDate "2021.09.30"]
[SourceQuality "1"]

1. e4 e6 2. d4 d5 3. Nd2 Nf6 4. Bd3 dxe4 5. Nxe4 Nxe4 6. Bxe4 Be7 7. Nf3 Nd7 8. c4 Nf6 9. Bc2 0-0 10. 0-0 c5 11. Bg5 cxd4 12. Qd3 Re8 13. Rad1 h6 14. Bh4 b5 15. cxb5 Bb7 16. Nxd4 Qd5 17. Nf3 Qxd3 18. Rxd3 Rac8 19. Bb3 g5 20. Bg3 Ne4 1/2-1/2